Central Library, Doon University
WEBOPAC (ONLINE PUBLIC ACCESS CATALOGUE)

Elementary Fluid Mechanics (Record no. 60742)

MARC details
000 -LEADER
fixed length control field 00464nam a22001817a 4500
005 - DATE & TIME
control field 20260425115136.0
008 - FIXED-LENGTH DATA ELEMENTS--GENERAL INFORMATION
fixed length control field 260425b |||||||| |||| 00| 0 eng d
020 ## - ISBN
International Standard Book Number 9781944659929
Price 1295.00
040 ## - CATALOGING SOURCE
Original cataloging agency Doon University
041 ## - Language
Language English
082 ## - DDC NUMBER
Classification number 535.5
Book Number KAM
100 ## - MAIN ENTRY--PERSONAL NAME
Personal name Kambe, Tsutomu
245 ## - TITLE STATEMENT
Title Elementary Fluid Mechanics
260 ## - PUBLICATION, DISTRIBUTION, ETC. (IMPRINT)
Place of publication, distribution, etc New Jersey
Name of publisher, distributor, etc World Scientific
Date of publication, distribution, etc 2024
300 ## - PHYSICAL DESCRIPTION
Pages 386
650 ## - Subject
Subject Mathematics (PM USHA)
942 ## - ADDED ENTRY ELEMENTS (KOHA)
Koha item type Books
100 ## - MAIN ENTRY--PERSONAL NAME
-- 26757
650 ## - Subject
-- 26738
952 ## - LOCATION AND ITEM INFORMATION (KOHA)
-- 2026-04-25
952 ## - LOCATION AND ITEM INFORMATION (KOHA)
-- 2026-04-25
952 ## - LOCATION AND ITEM INFORMATION (KOHA)
-- 2026-04-25
Holdings
Withdrawn status Lost status Source of classification or shelving scheme Damaged status Not for loan Location (home branch) Sublocation or collection (holding branch) Date acquired Koha issues (times borrowed) Koha full call number Accession No. Koha date last seen Koha item type
          Doon University Doon University 25.04.2026   535.5 KAM 32842 25.04.2026 Books
          Doon University Doon University 25.04.2026   535.5 KAM 32843 25.04.2026 Books
          Doon University Doon University 25.04.2026   535.5 KAM 32844 25.04.2026 Books
Contact : +91-135-2533126 (Library),+91-135-2533105 (Admin Office) , Email : doonlibrary@gmail.com

Powered by Koha